000
00241nam a2200121Ia 4500
100
_a
Cicilioni R
942
_c
BK
654
_a
Computer
245
_a
Lotus 1-2-3-
260
_b
Galgotia
_a
New Delhi
_c
1994
546
_a
ENGLISH
999
_c
34938
_d
34938